La buena fe en la prescripción y en la costumbre hasta el siglo XV / (Record no. 104208)

MARC details
000 -LEADER
campo de control de longitud fija 00718nam a2200205 i 4500
001 - NÚMERO DE CONTROL
campo de control 104208
003 - IDENTIFICADOR DE NÚMERO DE CONTROL
campo de control ES-MaACL
005 - FECHA Y HORA DE LA ÚLTIMA TRANSACCIÓN
campo de control 20230906183537.0
007 - CAMPO FIJO DE DESCRIPCIÓN FÍSICA--INFORMACIÓN GENERAL
campo de control de longitud fija t|
008 - DATOS DE LONGITUD FIJA--INFORMACIÓN GENERAL
campo de control de longitud fija 051125s1968 sp ||||1| spa d
100 1# - ENTRADA PRINCIPAL--NOMBRE DE PERSONA
Nombre de persona Mier Vélez, Angel de.
9 (RLIN) 80971
245 13 - MENCIÓN DEL TÍTULO
Título La buena fe en la prescripción y en la costumbre hasta el siglo XV /
Mención de responsabilidad, etc. Angel de Mier Vélez.
260 ## - PUBLICACIÓN, DISTRIBUCIÓN, ETC.
Lugar de publicación, distribución, etc. Pamplona :
Nombre del editor, distribuidor, etc. Universidad de Navarra,
Fecha de publicación, distribución, etc. 1968.
300 ## - DESCRIPCIÓN FÍSICA
Extensión 234 p. ;
Dimensiones 22 cm.
490 1# - MENCIÓN DE SERIE
Mención de serie Colección canónica de la Universidad de Navarra ;
Designación de volumen o secuencia 10
710 2# - ENTRADA AGREGADA--NOMBRE DE ENTIDAD CORPORATIVA
Nombre de entidad corporativa o nombre de jurisdicción como elemento de entrada Universidad de Navarra.
9 (RLIN) 7252
830 0# - PUNTO DE ACCESO ADICIONAL DE SERIE-TÍTULO UNIFORME
Título uniforme Colección canónica de la Universidad de Navarra ;
Designación de volumen o secuencia 10
9 (RLIN) 183297
852 ## - LOCALIZACIÓN
Ubicación ES-MaACL
Número de control de estantería G-5575
Sublocalización o colección R.65520
Holdings
Estatus retirado Estado de pérdida Estado de daño No para préstamo Biblioteca de origen Biblioteca actual Ubicación en estantería Fecha de adquisición Fuente de adquisición Total de préstamos Signatura topográfica completa Código de barras Visto por última vez Precio de reemplazo Tipo de ítem Koha
        Biblioteca del Ateneo de Madrid Biblioteca del Ateneo de Madrid Depósito 2 17/01/2008     G-5575 1108801 23/02/2023 23/02/2023 Libro impreso